Biggest Caspian Sea Cities Quiz - Statistics

General Stats
  • This quiz has been taken 38 times
    16 since last reset
  • The average score is 4 of 10
Answer Stats
Population Country City % Correct
2,293,100 Azerbaijan Baku
100%
596,356 Russia Makhachkala
44%
190,000 Kazakhstan Aktau
38%
290,700 Kazakhstan Atyrau
38%
123,720 Russia Derbent
38%
679,995 Iran Rasht
38%
116,340 Russia Kaspiysk
31%
358,675 Azerbaijan Sumqayit
31%
101,073 Iran Lahijan
25%
809,102 Iran Sari
25%
No matching quizzes found
Score Distribution
Percent of People with Each Score
Percentile by Number Answered
Your Score History
You have not taken this quiz since the last reset